Satellite Images Of U.S. Cities Level 4 - Statistics

General Stats
  • This quiz has been taken 186 times
  • The average score is 9 of 21
Answer Stats
Picture Hint Answer % Correct
Key West
85%
Madison
74%
Think outside San Juan, Puerto Rico
63%
Tucson
61%
Green Bay
58%
Santa Barbara
55%
Utqiagvik (Barrow), Alaska
54%
Duluth, Minnesota (& Wisconsin)
52%
Boise / Nampa
47%
New Haven
47%
Polycentric Monterey / Salinas
44%
The lake at upper left actually is white. Reno
42%
Polycentric Albany / Schenectady / Troy
39%
Mobile
38%
Polycentric Appleton / Oshkosh
34%
Polycentric Winston-Salem / Greensboro / High Point
32%
Hint: A tri-state area Sioux City, Iowa (with Nebraska & South Dakota)
31%
Davenport, Iowa / Rock Island, Illinois
27%
Polycentric Hartford, Connecticut / Springfield, Massachusetts
27%
Port Charlotte / Punta Gorda
23%
Bonus from the previous photo Rotunda, Florida
12%
No matching quizzes found
Score Distribution
Percent of People with Each Score
Percentile by Number Answered
Your Score History
You have not taken this quiz